<?xml version="1.0" encoding="UTF-8"?>
<record
    xmlns:xsi="http://www.w3.org/2001/XMLSchema-instance"
    xsi:schemaLocation="http://www.loc.gov/MARC21/slim http://www.loc.gov/standards/marcxml/schema/MARC21slim.xsd"
    xmlns="http://www.loc.gov/MARC21/slim">

  <leader>00589nam a22001937a 4500</leader>
  <datafield tag="999" ind1=" " ind2=" ">
    <subfield code="c">169784</subfield>
    <subfield code="d">169784</subfield>
  </datafield>
  <controlfield tag="005">20191204122146.0</controlfield>
  <datafield tag="010" ind1=" " ind2=" ">
    <subfield code="a">B-12659</subfield>
  </datafield>
  <datafield tag="020" ind1=" " ind2=" ">
    <subfield code="c">80.00</subfield>
    <subfield code="a">-</subfield>
  </datafield>
  <datafield tag="035" ind1=" " ind2=" ">
    <subfield code="a">B-12659</subfield>
  </datafield>
  <datafield tag="037" ind1=" " ind2=" ">
    <subfield code="b">BPPD/Pub.</subfield>
    <subfield code="a">-</subfield>
  </datafield>
  <datafield tag="082" ind1=" " ind2=" ">
    <subfield code="a">211</subfield>
  </datafield>
  <datafield tag="100" ind1=" " ind2=" ">
    <subfield code="a">&#x642;&#x627; &#x636;&#x6CC; &#x62C;&#x627; &#x648; &#x64A;&#x62F; </subfield>
  </datafield>
  <datafield tag="245" ind1=" " ind2=" ">
    <subfield code="a">&#x648; &#x62C;&#x648; &#x62F; &#x64A;&#x62A;</subfield>
    <subfield code="c">&#x642;&#x627; &#x636;&#x6CC; &#x62C;&#x627; &#x648; &#x64A;&#x62F;  </subfield>
  </datafield>
  <datafield tag="246" ind1=" " ind2=" ">
    <subfield code="b">Wajudiat  (Urdu)</subfield>
    <subfield code="a">by Qazi Javed</subfield>
  </datafield>
  <datafield tag="260" ind1=" " ind2=" ">
    <subfield code="a"> Delhi</subfield>
    <subfield code="b">Educational Publishing House</subfield>
    <subfield code="c">1988 &#x621;</subfield>
  </datafield>
  <datafield tag="270" ind1=" " ind2=" ">
    <subfield code="a">3108,Gali Vakil, Kucha Pandit,Lal Kuan,</subfield>
    <subfield code="b">Delhi</subfield>
    <subfield code="e">110006</subfield>
    <subfield code="k">-</subfield>
    <subfield code="l">-</subfield>
  </datafield>
  <datafield tag="300" ind1=" " ind2=" ">
    <subfield code="a">118 &#x635; </subfield>
    <subfield code="c">22 Cm(Hb)</subfield>
  </datafield>
  <datafield tag="942" ind1=" " ind2=" ">
    <subfield code="2">ddc</subfield>
    <subfield code="c">UR</subfield>
    <subfield code="h">211</subfield>
    <subfield code="m">&#x62C; &#x627; &#x648; </subfield>
  </datafield>
</record>
